1839 1698 1421 1320 1544 1183 1962 1292 1441 1495 1242 1745 1669 1883 1258 1925 1423 1873 1638 1138 1768 1293 1972 1303 1769 1767 1782 1801 1465 1854 1299 1821 1402 1566 1885 1222 1026 1383 1101 1412 1484 1882 1690 1717 1366 1878 1350 1387 1391 1792 1657 1929 1529 1683 1999 1501 1274 1748 1066 1119 1035 1097 1695 1136 1437 1361 1942 1779 1603 1101 1557 1082 1987 1796 1294 1485 1912 1715 1067 1693 1780 1599 1344 1193 1840 1547 1898 1228 1460 1937 1939 1083 1004 1456 1650 1577 1202 1152 1555 BCNSPRNW ULIB Ver.6.0+V

เปลี่ยนเป็นภาษาไทย

Change to English
 แสดงรายละเอียดบรรณานุกรม
  กลับหน้าหลัก

Brief Record : Get Marc (ISO 2709) : E-mail record : QR code < ปิดหน้าต่าง
LEADER : 00000nam 2200000uu 4500
001    13399121176
003     ULIB
008    121108s||||||||th 000 0 tha d
020    ^a9789748460314
050  4 ^aLB1027^bช851ก 2550
100 0  ^aไชย ณ พล อัครศุภเศรษฐ์
245 10 ^aการสร้างสรรค์นวัตการ :^bศักยภาพการแข่งขันสู่โลกอนาคต = Creativity & innovation /^cไชย ณ พล อัครศุภเศรษฐ์
246 31 ^aCreativity & innovation
246 34 ^aการสร้างสรรค์นวัตการ :^bเพื่อศักยภาพการแข่งขันสู่โลกอนาคต
260    ^aกรุงเทพฯ :^bเคล็ดไทย,^c2550
300    ^a135 หน้า :^bภาพประกอบ ;^c21 ซม.
650  7 ^aนวัตกรรมทางเทคโนโลยี
945    ^p199^l0^i15251
995    ^aวิภา
999 ^a ทศพร
รายการนี้ยังไม่มีแท็ก
คุณยังไม่ได้ล็อกอิน คุณสามารถมีกิจกรรมร่วมกับเว็บไซต์ได้ แต่ต้องล็อกอินก่อน ::
  ล็อกอิน

รายการสื่อสารสนเทศ

ลำดับที่ ประเภท เลขเรียก/บาร์โค้ด สถานที่ สถานะ
1. วิทยาศาสตร์การแพทย์ และสุขภาพ
วิทยาศาสตร์การแพทย์ และสุขภาพ
LB1027 ช851ก 2550  
  Barcode: 15251
ห้องสมุดวิทยาเขตสวรรค์ประชารักษ์
►หนังสือทั่วไป
บนชั้น

รายการใกล้เคียง
    ผู้แต่ง [ไชย ณ พล อัครศุภเศรษฐ์]

    หัวเรื่อง [นวัตกรรมทางเทคโนโลยี]

BibComment


ยังไม่เคยถูกคอมเมนท์

คอมเมนท์ทรัพยากรรายการนี้
  คอมเมนท์: การสร้างสรรค์นวั..


 Copyright 2026. Bcnsprnw @Library